| 000 | 00629nam a2200241Ia 4500 | ||
|---|---|---|---|
| 003 | OSt | ||
| 005 | 20221005081810.0 | ||
| 006 | a|||||r|||| 00| 0 | ||
| 007 | ta | ||
| 008 | 221004b |||||||| |||| 00| 0 eng d | ||
| 024 | _a68278 | ||
| 037 | _cTextual | ||
| 040 |
_aCRL _cCRL _beng |
||
| 041 |
_2eng _aeng |
||
| 082 | _aYu2,N9, N0 | ||
| 100 | _aShah Ghanshyam | ||
| 245 | 0 |
_aSocial movements in India _b A review of the literature |
|
| 260 |
_aNew Delhi _bSage _c1990 |
||
| 300 |
_a222p. _ccm. |
||
| 650 | _aSOCIOLOGY | ||
| 942 |
_hYu2,N9, N0 _cTEXL _2cc |
||
| 999 |
_c988269 _d988269 |
||